Brno a jeho region. - Praha [u.a.]. - 2000 [Rezension]
| Titel: | Brno a jeho region. - Praha [u.a.]. - 2000 [Rezension] |
|---|---|
| Verfasser: | |
| Beteiligt: | |
| In: |
Archeologické rozhledy, Band 54, Heft 3 (2002), Seite 771-774 alle Artikel anzeigen |
| Veröffentlicht: | 2002 |
| Format: | Aufsatz |
| Sprache: | Tschechisch |
X
alg: 39516886
001A $01999:12-11-16
001B $01999:09-08-21 $t17:41:50.000
001D $01999:12-11-16
001U $0utf8
001X $00
002@ $0Aox
003@ $0395168864
007A $0395168864 $aHEB
007T $0Herdp35816
010@ $acze
011@ $a2002
021A $aBrno a jeho region. - Praha {[u.a.]. - 2000 [Rezension]
028A $aKostrhun $dPetr
028B/01 $aJan $dLibor
031A $d54 $e3 $h771-774 $j2002
039B $aIn $8--Abvc--. Archeologické rozhledy. - Praha, 1949-. - ISSN 0323-1267 $x200200000540003229 $9047286156
039T $8--Aau--. Brno a jeho region. - Praha {[u.a.], 2000. - 277 S.. - Ill., Kt., graph. Darst.. - ISBN 80-86124-25-8 $9101693958
045F $a900.94371 $eDDC23BSB
045F/01 $a900
045F/03 $g4371
045T $a6,14 $a6,11 $a6,12
lok: 39516886 78
exp: 39516886 78 1 #EPN
201B/01 $026-11-17 $t04:03:21.000
201U/01 $0utf8
203@/01 $0791474615
208@/01 $a12-11-16 $be
209A/01 $a/ $f000 $x00
220C/01 $aHerkunft: Hú Av Čr Praha
244Z/01 $#Tschechien $#Tschechische Republik $#Tschechische Republik $#Tschechenland $#Tschechei Tschechien $#Česká Republika $#Czech Republic $#ČR $74303381-7 $8--Tg1--Tschechien $x01 $9086659812
244Z/01 $2Trx $#Böhmen $#Bohemia $#Czechy $8--Trx--Čechy $x02 $9391188941
244Z/01 $2Trx $#arvustused $#recenzijos $#Reviews $#recenziók $#recenzje $#recenzie $#recenze $8--Trx--Rezensionen $x03 $9391357441
247C/01 $82080>Marburg/Lahn, Herder-Institut, Forschungsbibliothek, Bibliographieportal $9336309341
| LEADER | 00000caa a22000002c 4500 | ||
|---|---|---|---|
| 001 | 395168864 | ||
| 003 | DE-603 | ||
| 005 | 20210809174150.0 | ||
| 007 | tu | ||
| 008 | 161112s2002 xx |||| | u00||u|cze c | ||
| 035 | |a (DE-599)HEB395168864 | ||
| 040 | |a DE-603 |b ger |c DE-603 |d DE-603 | ||
| 041 | |a cze | ||
| 082 | 0 | 4 | |8 1\u |a 900.94371 |q DE-101 |2 23/BSB |
| 084 | |a 6,14 |a 6,11 |a 6,12 |2 ssgn | ||
| 085 | |8 1\u |b 900 | ||
| 085 | |8 1\u |z 2 |s 4371 | ||
| 100 | 1 | |a Kostrhun, Petr | |
| 245 | 0 | 0 | |a Brno a jeho region. - Praha [u.a.]. - 2000 [Rezension] |
| 264 | 0 | |c 2002 | |
| 700 | 1 | |a Jan, Libor | |
| 773 | 0 | 8 | |i In |t Archeologické rozhledy |d Praha, 1949- |x 0323-1267 |g Band 54, Heft 3 (2002), Seite 771-774 |w (DE-603)047286156 |w (DE-600)205634-3 |
| 787 | 0 | 8 | |i Rezension von |t Brno a jeho region |d Praha [u.a.], 2000 |h 277 S., Ill., Kt., graph. Darst. |z 8086124258 |w (DE-603)101693958 |
| 924 | 0 | |9 2080 |a (DE-603)791474615 |b DE-2080 |c HES |d d |g / | |


